000 01031pam a2200265 a 4500
001 2995819
003 ARRUPE
005 20140918134100.0
008 930201r19931919enka 001 0 eng
010 _a 93012357
020 _a0415096049
040 _aDLC
_cDLC
_dDLC
050 0 0 _aQA8.4
_b.R87 1993
100 1 _aRussell, Bertrand,
_d1872-1970.
_911326
245 1 0 _aIntroduction to mathematical philosophy /
_cby Bertrand Russell ; with a new introduction by John G. Slater.
260 _aLondon ;
_aNew York :
_bRoutledge,
_c1993.
300 _a208 p. :
_bill. ;
_c22 cm.
500 _aOriginally published: London : Allen & Unwin, 1919.
504 _aIncludes index.
650 0 _aMathematics
_xPhilosophy.
_911327
856 4 2 _3Publisher description
_uhttp://www.loc.gov/catdir/enhancements/fy0648/93012357-d.html
906 _a7
_bcbc
_corignew
_d1
_eocip
_f19
_gy-gencatlg
942 _2lcc
_cMONOGRAPH
999 _c120855
_d120855